000 00464nam a2200181Ia 4500
008 230711s9999||||xx |||||||||||||| ||und||
020 _a978-3-8365-0995-4
041 _aENG
082 _a747.2954
_bSI-I
100 _aSchaewen,Deidi von
245 0 _aIndian Interiors : Intérieurs de l'Inde
250 _a1st Ed.
260 _c2009
_aNew York
_bTaschen Publications
300 _a279p.
650 _aArchitecture
700 _aTaschen, Angelika
942 _cBK
999 _c6500
_d6500